000 00885nam0a22002291i 4500
001 rc\4448708
005 20240724164057.0
021 _aRU
_b[59-60890]
035 _a(NLR Aleph) 008319020
090 _a8745339
_c8745339
100 _a20130416d1959 |||y0rusy50 ca
101 0 _arus
102 _aRU
105 _ay d |||||
200 1 _aВопросы экономики и организации водоснабжения колхозов юга УССР
_e(На примере колхозов Одес. обл.)
_eАвтореферат дис. на соискание учен. степени кандидата экон. наук
_fАкад. наук УССР. Ин-т экономики
210 _aКиев
_d1959
215 _a16 с.
_d20
700 1 _aИонга
_bС.С.
801 0 _aRU
_bNLR
_gpsbo
801 1 _aRU
_bELAR
_2rusmarc
852 _aNLR
_j59-4/15792
942 _cBOOK